| 000 | 00562nam a22001577a 4500 | ||
|---|---|---|---|
| 003 | NUST | ||
| 038 | _aNusrat Nadeem | ||
| 082 | _a200 | ||
| 100 |
_aNiazi, Shahmir _9130635 |
||
| 245 |
_aMedia’s Role in Fostering Democratic Governance in Post-Colonial States: A Comparative Study of Pakistan and India/ _cShahmir Niazi, |
||
| 264 |
_aIslamabad: _bS3H NUST. _c2025. |
||
| 650 |
_aSupervisor: Dr. Sanaullah Khan _9130636 |
||
| 700 |
_aSupervisor: Dr. Sanaullah Khan _9127930 |
||
| 856 | _uhttp://10.250.8.41:8080/xmlui/handle/123456789/54864 | ||
| 942 |
_2ddc _cSC |
||
| 999 |
_c614816 _d614816 |
||